| 000 | 00541nam a2200169 4500 | ||
|---|---|---|---|
| 008 | 01994 1994 0x 000 0MEX | ||
| 020 | _a970-10-0624-0 | ||
| 050 | _aKGF3789 R58 | ||
| 082 | _a343.076 R625n | ||
| 100 | _aRivera Rodríguez, Isaías | ||
| 245 | _aEl nuevo derecho agrario mexicano | ||
| 260 | _aMéxico : McGraw-Hill | ||
| 300 | _aXXV, 248 p. / 24cm | ||
| 440 | _aserie Jurídica | ||
| 500 | _aIncluye Bibliografia | ||
| 650 | _a1. DERECHO AGRARIO - MÉXICO \ 2. TENENCIA DE LA TIERRA- LEYES Y LEGISLACIÓN - MÉXICO | ||
| 999 |
_c13700 _d13700 |
||